[Event "Bayern ch 2008"]
[Site "Bad Neustadt /Saale"]
[Date "2008.09.05"]
[Round "8.2"]
[White "de Francesco, Klaus"]
[Black "Jorczik, Julian"]
[Result "1/2-1/2"]
[WhiteElo "2362"]
[BlackElo "2359"]
[PlyCount "44"]
[EventDate "2008.??.??"]
[WhiteTeam "SK Weilheim"]
[BlackTeam "FC Bayern München e.V."]

1. d4 g6 2. e4 Bg7 3. Nc3 d6 4. a3 Nf6 5. f4 O-O 6. Nf3 c5 7. dxc5 Qa5 8. b4
Qc7 9. Rb1 b6 10. Nb5 Qb7 11. Bd3 Nxe4 12. O-O a6 13. Bxe4 Qxe4 14. Nc7 Ra7 15.
cxb6 Rb7 16. a4 Rxb6 {(=)} 17. Re1 Qc4 18. Nd5 Rb7 19. Nxe7+ Kh8 20. Nxc8 (20.
Qxd6) 20... Rxc8 21. Qe2 Rxb4 22. Qxc4 Rbxc4 1/2-1/2

[Event "Bayern ch 2008"]
[Site "Bad Neustadt /Saale"]
[Date "2008.09.05"]
[Round "8.3"]
[White "Zehnter, Sebastian"]
[Black "Meister, Peter"]
[Result "1/2-1/2"]
[WhiteElo "2180"]
[BlackElo "2390"]
[PlyCount "29"]
[EventDate "2008.??.??"]
[WhiteTeam "SV Würzburg von 1865 e.V."]
[BlackTeam "FC Bayern München e.V."]

1. b3 e5 2. Bb2 d6 3. e3 g6 4. d4 Nd7 5. dxe5 Bg7 6. Nf3 Ne7 7. Bc4 O-O 8. Nc3
Nxe5 9. Nxe5 Bxe5 10. Qd2 Be6 11. Be2 Nd5 12. Bf3 Nxc3 13. Bxc3 Qf6 14. Bxe5
Qxe5 15. Qd4 1/2-1/2

[Event "Bayern ch 2008"]
[Site "Bad Neustadt /Saale"]
[Date "2008.09.05"]
[Round "8.5"]
[White "Sternheimer, Erhard"]
[Black "Köpke, Christian"]
[Result "1/2-1/2"]
[WhiteElo "2185"]
[BlackElo "2330"]
[PlyCount "194"]
[EventDate "2008.??.??"]
[WhiteTeam "SC Bad Königshofen 1957"]
[BlackTeam "SC Tarrasch 45 München"]

1. d4 Nf6 2. Nf3 g6 3. c4 Bg7 4. Nc3 d5 5. e3 O-O 6. Bd2 c5 7. cxd5 cxd4 8.
Nxd4 Nxd5 9. Nxd5 Qxd5 10. Bc3 Nc6 11. Nb5 Qg5 12. h4 Bxc3+ 13. Nxc3 Qf6 14.
Qf3 Qxf3 15. gxf3 Rd8 16. Rd1 Rxd1+ 17. Kxd1 b6 18. h5 Bb7 19. hxg6 hxg6 20.
Be2 Ne5 21. Rh3 Rc8 22. Rg3 Nc4 23. Rg4 Ne5 24. Rg3 Kf8 25. f4 Nc4 26. Bxc4
Rxc4 27. Rg5 e6 28. Kd2 Rc8 29. Rg1 Rd8+ 30. Kc2 Bf3 31. Rg3 Bc6 32. Rg1 Ke7
33. Rd1 Rc8 34. Rd4 Rh8 35. Rd2 Rh2 36. b4 Rh8 37. Rd4 Rc8 38. Kb3 f6 39. Rc4
Bd7 40. Rxc8 Bxc8 41. Kc4 Ba6+ 42. Kd4 Kd6 43. Ne4+ Ke7 44. a4 Bb7 45. Nc3 Bc6
46. e4 Kd6 47. e5+ Ke7 48. a5 f5 49. Kc4 bxa5 50. bxa5 Kd7 51. Kc5 Kc7 52. Ne2
a6 53. Nd4 Bd7 54. Nf3 Bc6 {(=)} 55. Ng5 Bd7 56. Nh7 Bc6 57. Nf8 Bd5 58. Nxg6
Bc6 59. Nf8 Bd5 60. Nh7 Bc6 61. Nf6 Ba4 62. Nh5 Bb3 63. Ng7 Ba2 64. Ne8+ Kd7
65. Nf6+ Kc7 66. Ng8 Bb1 67. Ne7 Be4 68. Ng8 Bb1 69. Nf6 Ba2 70. Nh5 Bb3 71.
Ng3 Bd1 72. Nf1 Bf3 73. Ne3 Bc6 74. Nc4 Bd5 75. Nb2 Bc6 76. Nd3 Bb7 77. Nb4 Bc8
78. Nc6 Bb7 79. Nb4 Bc8 80. Kd4 Bb7 81. Ke3 Kd7 82. Ke2 Ke7 83. Kf1 Kf7 84. Kg1
Kg6 85. Kh2 Kh6 86. Kg3 Kg6 87. Kh4 Kh6 88. Nd3 Kg6 89. Nc5 Bc8 90. Na4 Bd7 91.
Nb6 Bb5 92. Nc8 Bd7 93. Nd6 Bc6 94. Kg3 Kg7 95. Nc4 Bd5 96. Nb2 Bc6 97. Kh2 Kf7
1/2-1/2

[Event "Bayern ch 2008"]
[Site "Bad Neustadt /Saale"]
[Date "2008.09.05"]
[Round "8.6"]
[White "Seuffert, Gabriel"]
[Black "Golda, Harald"]
[Result "0-1"]
[WhiteElo "2322"]
[BlackElo "2336"]
[PlyCount "84"]
[EventDate "2008.??.??"]
[WhiteTeam "SV Würzburg von 1865 e.V."]
[BlackTeam "Schachklub Schweinfurt 2000 e.V."]

1. c4 c6 2. e4 d5 3. exd5 cxd5 4. cxd5 Nf6 5. Nc3 Nxd5 6. Nf3 Nc6 7. Bb5 Nxc3
8. bxc3 Bd7 9. O-O e6 10. d4 Be7 11. Qe2 O-O 12. Bd3 Qa5 13. Rb1 Qxc3 14. Rxb7
Rad8 15. Bb2 Qa5 16. Rb5 Qc7 17. Qc2 h6 18. Rh5 Qf4 19. Qe2 Nb4 20. Bb1 $138
Bc8 $138 21. Ra5 a6 22. Ne5 Bb7 23. Ra3 Bd6 24. g3 Qg5 25. Re3 Nd5 26. h4 Qe7
27. Qc2 g6 28. Rb3 Bxe5 29. dxe5 Nb4 30. Qc4 a5 31. Qf4 Qc5 32. Re3 $138 (32.
Qxh6 Qd5 33. f3 Ba6 34. h5 Qd2 35. Qxd2 Rxd2 36. Bc3) 32... Nd5 33. Qxh6 Nxe3
34. fxe3 Qc6 35. e4 Qc5+ 36. Kg2 Qb4 37. Rf2 Bxe4+ 38. Bxe4 Qxe4+ 39. Kh2 Rd1
40. Rg2 Qe1 41. Kh3 Qh1+ 42. Kg4 Qxg2 0-1

[Event "Bayern ch 2008"]
[Site "Bad Neustadt /Saale"]
[Date "2008.09.05"]
[Round "8.7"]
[White "Rother, Christoph"]
[Black "Schramm, Christian"]
[Result "1-0"]
[WhiteElo "2291"]
[BlackElo "2318"]
[PlyCount "105"]
[EventDate "2008.??.??"]
[WhiteTeam "SV Fortuna Regensburg"]
[BlackTeam "SC 1959 Obernau"]

1. d4 g6 2. e4 Bg7 3. Nc3 d6 4. Be3 a6 5. Bd3 Nd7 6. Qd2 e6 7. f4 c5 8. dxc5
Nxc5 9. O-O-O Qc7 10. e5 Nxd3+ 11. Qxd3 d5 12. Nf3 Bd7 13. Kb1 Ne7 14. Nd4 Nc6
15. Nce2 Na5 16. Qc3 Qxc3 17. Nxc3 Nc4 18. Bc1 f6 19. exf6 Bxf6 20. b3 Nd6 21.
Ba3 Rc8 $2 22. Nxd5 exd5 23. Bxd6 Bxd4 24. Rhe1+ Kd8 25. Rxd4 Bf5 26. Rxd5 Re8
27. Bb8+ Bd7 28. Red1 Re7 29. Be5 Ke8 30. R1d2 Bf5 31. Kb2 Rd7 32. Bd6 b5 33.
c3 Kf7 34. Be5 Rcd8 35. Rxd7+ Rxd7 36. Rxd7+ Bxd7 37. Ka3 Bc6 38. g3 Be4 39.
Kb4 Bb1 40. a3 Bc2 41. c4 Ke6 42. cxb5 axb5 43. Kxb5 Bxb3 44. a4 Kd7 45. a5 Bd1
46. a6 h5 47. Kb6 Kc8 48. Kc6 Be2 49. Kb6 Bf1 50. a7 Bg2 51. h3 Kd7 52. g4 hxg4
53. hxg4 1-0

[Event "Bayern ch 2008"]
[Site "Bad Neustadt /Saale"]
[Date "2008.09.05"]
[Round "8.8"]
[White "Barth, Norbert"]
[Black "Liepold, Stefan"]
[Result "1/2-1/2"]
[WhiteElo "2284"]
[BlackElo "2283"]
[PlyCount "128"]
[EventDate "2008.??.??"]
[WhiteTeam "SK Schwandorf"]
[BlackTeam "SC Erlangen"]

1. e4 e6 2. d4 d5 3. Nd2 a6 4. Ngf3 c5 5. exd5 exd5 6. Qe2+ Be6 7. dxc5 Bxc5 8.
Nb3 Ba7 9. Nfd4 Qe7 10. Be3 Nf6 11. Nxe6 fxe6 12. Bxa7 Rxa7 13. g3 Nc6 14. Bg2
a5 15. O-O a4 16. Nc1 a3 17. b3 O-O 18. Nd3 e5 19. Rfe1 Re8 20. c4 dxc4 21.
bxc4 e4 22. Nf4 Ra5 23. Nd5 Nxd5 24. cxd5 Rxd5 25. Qc4 Qc5 26. Qxc5 Rxc5 27.
Bxe4 Rce5 28. Bd5+ (28. f3) 28... Kf8 29. Rxe5 Rxe5 30. Rd1 Re2 31. Rd3 Nb4 32.
Rf3+ Ke8 33. Bg8 Nxa2 34. Rxa3 Nb4 35. Bxh7 Nd5 36. Rd3 Nf6 37. Bg6+ Kf8 38.
Rc3 Rd2 39. Rc8+ Ke7 40. Bf5 Ne8 41. Bg4 b5 42. Rc1 b4 43. Re1+ Kd8 44. Rd1
Rxd1+ 45. Bxd1 Nd6 46. Kf1 Ke7 47. Ke2 Ke6 48. Ke3 Ke5 49. Kd3 g5 50. Bg4 Ne4
51. Ke3 (51. f3) 51... Nc5 (51... b3 52. f4+ gxf4+ 53. gxf4+ Kf6 54. Bd1 b2 55.
Bc2 Nc3 $11) 52. Bd1 b3 53. h3 (53. h4 gxh4 54. gxh4) 53... Kd5 54. Bh5 b2 55.
Bg6 Na4 56. Kd2 Kd4 57. h4 gxh4 58. gxh4 Ke5 (58... Nc3 59. h5 b1=Q 60. Bxb1
Nxb1+) 59. Bb1 Kf4 60. f3 Nc5 61. Kc3 Kxf3 62. h5 Ne4+ 63. Kd4 Nf6 64. h6 Kf4
1/2-1/2

[Event "Bayern ch 2008"]
[Site "Bad Neustadt /Saale"]
[Date "2008.09.05"]
[Round "8.9"]
[White "Otte, Marco"]
[Black "Poetsch, Klaus"]
[Result "1-0"]
[WhiteElo "2250"]
[BlackElo "2245"]
[PlyCount "97"]
[EventDate "2008.??.??"]
[WhiteTeam "SC Tarrasch 45 München"]
[BlackTeam "SC Waldkraiburg"]

1. Nf3 d5 2. g3 Nf6 3. Bg2 Bg4 4. c4 c6 5. Ne5 Be6 6. O-O g6 7. d4 Bg7 8. Nd2
O-O 9. Qb3 Qb6 10. Qxb6 axb6 11. b3 Nbd7 12. Bb2 Nxe5 13. dxe5 Ng4 14. cxd5
cxd5 15. Nf3 Rfc8 16. h3 Rc2 17. Bd4 Nh6 18. a4 Rxe2 19. g4 Rc8 20. Rfd1 Kh8
21. Bf1 Rec2 22. Ne1 R2c6 23. Bb5 R6c7 24. f4 f6 25. Nf3 Nf7 26. Bxb6 Rc3 27.
Nd4 Bxg4 28. hxg4 Bh6 (28... fxe5 29. Ne6 exf4 30. Ra2 Rxb3 31. Nxf4) 29. Ne2
Rxb3 30. exf6 Nd6 31. fxe7 Nxb5 32. Rxd5 Re8 33. Rxb5 (33. Rd8 Nd6 34. Bc5 Kg7
35. Bxd6) 33... Rxb5 34. axb5 Rxe7 35. Ra8+ Kg7 36. Kf2 Kf7 37. Rh8 Ke6 38. g5
Bg7 39. Rxh7 Kd5 40. Kf3 Kc4 41. Bd4 Bf6 42. Rxe7 Bxe7 43. b6 Kd5 44. Be3 Bd8
45. Nc3+ Ke6 46. Ke4 Be7 47. Nb5 Bd8 48. Bc5 Kd7 49. Kd5 1-0

[Event "Bayern ch 2008"]
[Site "Bad Neustadt /Saale"]
[Date "2008.09.05"]
[Round "8.10"]
[White "Lentrodt, Thomas"]
[Black "Röder, Frank"]
[Result "1-0"]
[WhiteElo "2306"]
[BlackElo "2252"]
[PlyCount "99"]
[EventDate "2008.??.??"]
[WhiteTeam "FC Bayern München e.V."]
[BlackTeam "SV Altensittenbach"]

1. d4 d5 2. Nf3 Nf6 3. Bf4 Bf5 4. c4 c6 5. Qb3 Qb6 6. c5 Qxb3 7. axb3 Bxb1 8.
Rxb1 Nbd7 9. h3 e6 10. b4 Rc8 11. Ra1 a6 12. Nd2 Be7 13. Nb3 Bd8 14. Na5 Bc7
15. e3 Bxf4 16. exf4 Rc7 17. Bd3 O-O 18. Kd2 Re8 19. Rae1 g6 20. g4 Kf8 21. f3
Ng8 22. h4 Ndf6 23. h5 Ree7 24. Nb3 Ne8 25. Nc1 Rc8 26. Ne2 Nc7 27. Rh4 Nb5 28.
Bxb5 axb5 29. Ra1 Ree8 30. Ra7 Rb8 31. hxg6 hxg6 32. Nc1 Ke7 33. g5 Kf8 34. Nd3
Kg7 35. Ne5 Ne7 36. Nd7 Ra8 37. Rxb7 Nf5 38. Rh3 Nxd4 39. Ne5 Rf8 40. Kd3 Nf5
41. Nxc6 Rh8 42. Rxh8 Rxh8 43. Ne5 Rh4 44. Rxf7+ Kg8 45. Rd7 Rxf4 46. c6 Rd4+
47. Kc3 Rd1 48. c7 d4+ 49. Kb3 Rc1 50. Rd8+ 1-0

[Event "Bayern ch 2008"]
[Site "Bad Neustadt /Saale"]
[Date "2008.09.05"]
[Round "8.11"]
[White "Röder, Gerd"]
[Black "Kirch, Daniel"]
[Result "0-1"]
[WhiteElo "2277"]
[BlackElo "2042"]
[PlyCount "66"]
[EventDate "2008.??.??"]
[WhiteTeam "SV Altensittenbach"]
[BlackTeam "FSV Großenseebach"]

1. e4 e5 2. Nc3 Nc6 3. Bc4 Nf6 4. d3 Na5 5. Nge2 Bc5 6. O-O c6 7. a3 Nxc4 8.
dxc4 a5 9. Qd3 O-O 10. b3 Qe7 11. a4 d6 12. Bb2 Nh5 13. Kh1 f5 14. f3 (14. f4)
14... f4 15. Ba3 {(=)} Bxa3 16. Rxa3 d5 17. Raa1 d4 18. Nd1 Qh4 19. Kg1 Rf6 20.
Qd2 Rg6 21. Nc1 Ng3 22. Re1 Rh6 23. h3 Bxh3 24. gxh3 Rg6 25. Qh2 Ne2+ 26. Kf1
Rg1+ 27. Qxg1 Nxg1 28. Nf2 Nxf3 29. Rd1 Qg5 30. Ncd3 Nh2+ 31. Ke1 f3 32. Rdb1
Qe3+ 33. Kd1 Nf1 0-1

[Event "Bayern ch 2008"]
[Site "Bad Neustadt /Saale"]
[Date "2008.09.05"]
[Round "8.12"]
[White "Jussupow, Nadia"]
[Black "Reich, Thomas"]
[Result "0-1"]
[WhiteElo "2166"]
[BlackElo "2425"]
[PlyCount "51"]
[EventDate "2008.??.??"]
[WhiteTeam "SK Krumbach"]
[BlackTeam "FC Bayern München e.V."]

1. d4 g6 2. Nf3 Nf6 3. c4 Bg7 4. Nc3 O-O 5. Bg5 c5 6. d5 d6 7. e3 Na6 8. Be2
Nc7 9. O-O Rb8 10. a4 b6 11. Qc2 a6 12. Rfd1 Bd7 13. e4 Ng4 14. Rab1 Qe8 15. h3
Ne5 16. Nd2 f6 17. Be3 a5 18. f4 Nf7 19. f5 Bh6 20. Nf1 Na6 21. Nb5 Rb7 22. Qd2
Kg7 23. Ng3 Nb8 24. Rf1 Bxb5 25. axb5 Nd7 26. Rbc1 $14 {Handy von Weiß klingelt
} 0-1

[Event "Bayern ch 2008"]
[Site "Bad Neustadt /Saale"]
[Date "2008.09.05"]
[Round "8.13"]
[White "Kaunzinger, Albert"]
[Black "Wild, Rudolf"]
[Result "0-1"]
[WhiteElo "2226"]
[BlackElo "2267"]
[PlyCount "89"]
[EventDate "2008.??.??"]
[WhiteTeam "SC Gröbenzell"]
[BlackTeam "SK Krumbach"]

1. d4 Nf6 2. Bf4 e6 3. e3 c5 4. c3 d5 5. Nd2 Nc6 6. Bd3 Bd6 7. Bxd6 Qxd6 8. f4
Bd7 9. Nh3 Ne7 10. O-O Bc6 11. Qf3 g6 12. Nf2 cxd4 13. exd4 h5 14. Rfe1 Kf8 15.
Nh3 Kg7 16. Re5 Nf5 17. Rae1 Rae8 18. Ng5 Qd7 19. Qf1 Nd6 20. R5e3 h4 21. Ndf3
Nfe4 22. Ne5 Qc7 23. Bxe4 dxe4 24. Nxc6 Qxc6 25. Nxe4 Nxe4 26. Rxe4 h3 27. g3
Rd8 28. R4e3 Qa4 29. a3 Qb3 30. R1e2 a6 31. Re5 Rd5 32. Kf2 b5 33. Rxd5 Qxd5
34. Re5 Qc6 35. Re1 Qd5 36. Qh1 Qb3 37. Re2 a5 38. Qe4 Rh5 39. g4 Rd5 40. Qc2
Qc4 41. Re5 Rxd4 42. Qe2 Rd3 43. Qe4 Rd2+ 44. Kg3 Qf1 45. Qe1 0-1

[Event "Bayern ch 2008"]
[Site "Bad Neustadt /Saale"]
[Date "2008.09.05"]
[Round "8.14"]
[White "Lochte, Thomas"]
[Black "Klimpel, Thomas"]
[Result "1/2-1/2"]
[WhiteElo "2176"]
[BlackElo "2154"]
[PlyCount "49"]
[EventDate "2008.??.??"]
[WhiteTeam "SK Weilheim"]
[BlackTeam "TSV Kareth-Lappersdorf"]

1. e4 c6 2. d4 d5 3. e5 g6 4. Bd3 Na6 5. c3 Nc7 6. h4 h5 7. Nh3 Nh6 8. Nd2 Bf5
9. Nf3 Qd7 10. Nf4 Ne6 11. Ng5 Nxf4 12. Bxf4 e6 13. Be2 Be7 14. f3 O-O-O 15. b4
Rhe8 16. a4 f6 17. Nh7 Nf7 (17... Ng8 18. Bh2) 18. b5 (18. Nxf6 Bxf6 19. exf6
$18) 18... fxe5 19. dxe5 c5 20. Qb3 c4 21. Qb2 Rh8 (21... Qc7 $19) 22. Ng5 Nxg5
23. hxg5 Bc5 24. Rd1 Qe7 25. Qd2 (25. Qd2 d4 $17) 1/2-1/2

[Event "Bayern ch 2008"]
[Site "Bad Neustadt /Saale"]
[Date "2008.09.05"]
[Round "8.16"]
[White "Sandner, Michael"]
[Black "Urytskyy, Michael"]
[Result "1-0"]
[WhiteElo "2044"]
[BlackElo "2084"]
[PlyCount "95"]
[EventDate "2008.??.??"]
[WhiteTeam "SG Traunstein/Traunreut e.V."]
[BlackTeam "PTSV SK Hof 1892"]

1. e4 c5 2. d4 cxd4 3. c3 d3 4. Bxd3 d6 5. c4 Nf6 6. Nc3 g6 7. h3 Bg7 8. Be3
O-O 9. Rc1 Nbd7 10. b3 a6 11. Nge2 b5 12. cxb5 axb5 13. Bxb5 Qa5 14. f3 Rb8 15.
Bxd7 Nxd7 16. O-O Ba6 17. Bd4 Ne5 18. Rc2 Rfc8 19. f4 Nd3 20. Bxg7 Kxg7 21. Rf3
Qc5+ 22. Kh2 Nf2 23. Qd5 Qxd5 24. exd5 Ne4 25. Nd4 Bb7 $2 (25... Nf6) 26. Nxe4
Rxc2 27. Nxc2 Bxd5 28. Re3 Kf8 29. Nd4 $2 Rb4 30. Nc3 Rxd4 31. Nxd5 Rxd5 32.
Re2 e5 33. fxe5 dxe5 34. Rb2 e4 35. Kg3 f5 36. b4 e3 $2 37. Kf3 f4 38. b5 Ke7
39. b6 Rd8 40. b7 Rb8 41. Kxf4 Kd6 42. Kxe3 Kc7 43. Kd4 Rd8+ 44. Kc5 Kb8 45.
Kb6 Rf8 46. Rc2 Rf6+ 47. Rc6 Rf8 48. a4 1-0

[Event "Bayern ch 2008"]
[Site "Bad Neustadt /Saale"]
[Date "2008.09.05"]
[Round "8.17"]
[White "Palmi, Herbert"]
[Black "Kirch, Florian"]
[Result "1/2-1/2"]
[WhiteElo "2163"]
[BlackElo "2024"]
[PlyCount "60"]
[EventDate "2008.??.??"]
[WhiteTeam "SC Bayerwald/Regen"]
[BlackTeam "FSV Großenseebach"]

1. b4 Nf6 2. c4 e6 3. a3 d5 4. cxd5 exd5 5. d4 Bf5 6. Bf4 Bd6 7. Bxd6 Qxd6 8.
Nc3 {(=)} c6 9. e3 O-O 10. Bd3 Bxd3 11. Qxd3 Re8 12. Nf3 Ne4 13. O-O a5 14. Nd2
axb4 15. axb4 Rxa1 16. Rxa1 Qxb4 17. Rb1 Qe7 18. Rb6 Nd6 19. Rb1 Na6 20. Ne2
Qc7 21. Nf4 b5 22. h4 Nc4 23. Nf3 h6 24. h5 Qe7 25. Ra1 Nc7 26. Qf5 Ne6 27. Nd3
b4 28. Nfe5 Nxe5 29. Nxe5 Qb7 30. Rb1 Rb8 (30... c5 31. Nd3 cxd4 32. Rxb4 $15)
1/2-1/2

[Event "Bayern ch 2008"]
[Site "Bad Neustadt /Saale"]
[Date "2008.09.05"]
[Round "8.18"]
[White "Kliche, Alexander"]
[Black "Däubler, Heinrich"]
[Result "1-0"]
[WhiteElo "2211"]
[BlackElo "2171"]
[PlyCount "31"]
[EventDate "2008.??.??"]
[WhiteTeam "SC Kitzingen von 1905"]
[BlackTeam "Schachclub Haselmühl"]

1. e4 e5 2. Nf3 Nc6 3. Bb5 Nf6 4. O-O Nxe4 5. d4 Nd6 6. dxe5 Nxb5 7. a4 Nd6 8.
Bg5 f6 9. Re1 Be7 10. exd6 cxd6 11. Bf4 Ne5 12. Qd5 Qb6 13. Nc3 Qc6 14. Bxe5
dxe5 15. Nxe5 Qe6 16. Nc4 1-0

[Event "Bayern ch 2008"]
[Site "Bad Neustadt /Saale"]
[Date "2008.09.06"]
[Round "9.1"]
[White "Grimberg, Boris"]
[Black "Jorczik, Julian"]
[Result "1/2-1/2"]
[WhiteElo "2293"]
[BlackElo "2359"]
[PlyCount "50"]
[EventDate "2008.??.??"]
[WhiteTeam "SAbt TSV Haunstetten"]
[BlackTeam "FC Bayern München e.V."]

1. e4 e6 2. d4 d5 3. Nd2 Nf6 4. e5 Nfd7 5. f4 c5 6. c3 Nc6 7. Ndf3 Qb6 8. a3 a5
9. b3 Be7 10. h4 f5 11. Ne2 Qc7 12. Ng3 cxd4 13. cxd4 Nb6 14. Bb5 Bd7 15. Qd3
O-O 16. Kf2 a4 17. b4 Na7 18. Bxd7 Qxd7 19. Qe2 Rac8 20. Ng5 Nb5 ({Fritz 10:} 
20... h6 {[%eval -166,18]} 21. Nf3 ({Fritz 10: 2)} 21. Bb2 Rc7 22. Nf3 Rfc8 23.
Rhc1 Nc4 24. Kg1 Qd8 25. Nf1 Bxh4 26. Kh2 Be7 27. Ne3 Nxe3 28. Qxe3 Rc2 29.
Rxc2 {[%eval -175,18]}) ({Fritz 10: 3)} 21. Rh3 Rc7 22. Nf3 Nb5 23. Kg1 Rfc8
24. Qe1 Rc3 25. Ne2 Rb3 26. Rg3 Nc4 27. Rg6 Kh7 {[%eval -178,18]}) ({Fritz 10:
4)} 21. Qh5 Rc2+ 22. Kg1 Nb5 23. Qg6 Bxg5 24. hxg5 Qf7 25. Qxf7+ Kxf7 26. gxh6
gxh6 27. Nf1 Rfc8 28. Be3 Rg8 29. Bf2 Nxd4 30. Ne3 {[%eval -200,18]}) ({Fritz
10: 5)} 21. Rb1 hxg5 22. hxg5 Qe8 23. b5 Qg6 24. Qd3 Kf7 25. Bd2 Rh8 26. Bb4
Bxb4 27. Rxb4 Rxh1 28. Nxh1 Rh8 29. Qc2 {[%eval -220,18]}) 21... Nb5 22. Bb2
Rc7 23. Rhc1 Nc4 24. Kg1 Rfc8 25. Nf1 Qd8 26. Ne3 Bxh4 27. Kh2 Be7 28. Nxc4
dxc4 29. Bc3 Qe8 30. Nd2 {[%eval -173,18]}) 21. Nxe6 Qxe6 22. Qxb5 Rc4 23. Be3
Rfc8 24. h5 R8c6 25. Rac1 Rxc1 (25... Rxc1 26. Rxc1 $16) 1/2-1/2

[Event "Bayern ch 2008"]
[Site "Bad Neustadt /Saale"]
[Date "2008.09.06"]
[Round "9.2"]
[White "Meister, Peter"]
[Black "Rother, Christoph"]
[Result "1-0"]
[WhiteElo "2390"]
[BlackElo "2291"]
[PlyCount "51"]
[EventDate "2008.??.??"]
[WhiteTeam "FC Bayern München e.V."]
[BlackTeam "SV Fortuna Regensburg"]

1. d4 Nf6 2. c4 e6 3. Nf3 b6 4. e3 Bb7 5. Bd3 c5 6. Nc3 cxd4 7. exd4 Bb4 8. O-O
O-O 9. a3 Be7 10. d5 Re8 11. Bc2 Bf8 12. Bg5 h6 13. Bh4 exd5 14. cxd5 g5 15.
Nxg5 hxg5 16. Bxg5 d6 17. Ba4 Re5 18. f4 Rxg5 19. fxg5 Nfd7 20. Qh5 Ne5 21. Ne4
Bg7 22. Nf6+ Kf8 23. Qh7 b5 24. Bxb5 Qb6+ 25. Kh1 Qxb5 26. a4 1-0

[Event "Bayern ch 2008"]
[Site "Bad Neustadt /Saale"]
[Date "2008.09.06"]
[Round "9.3"]
[White "Sternheimer, Erhard"]
[Black "de Francesco, Klaus"]
[Result "1-0"]
[WhiteElo "2185"]
[BlackElo "2362"]
[PlyCount "103"]
[EventDate "2008.??.??"]
[WhiteTeam "SC Bad Königshofen 1957"]
[BlackTeam "SK Weilheim"]

1. d4 Nf6 2. Nf3 e6 3. e3 b6 4. Bd3 Bb7 5. O-O c5 6. c3 Be7 7. Nbd2 Nc6 8. Re1
O-O 9. a3 Qc7 10. b4 cxd4 11. cxd4 a6 12. Bb2 Nd5 13. Rc1 Qd8 14. Qe2 f5 15. g3
(15. Ne5) 15... Qe8 16. Nc4 b5 17. Nce5 Nd8 (17... Ncxb4 18. axb4 d6 {Fritz 10:
} 19. e4 ({Fritz 10:} 19. Ba3 dxe5 20. Nxe5 Bd6 21. Qd2 Qe7 22. Bf1 Nxb4 23.
Rb1 Nc6 24. Bxd6 Qxd6 25. Bg2 Nxe5 26. Bxb7 {[%eval -73,18]}) 19... Nxb4 20.
Rc7 Bxe4 21. Bxe4 fxe4 22. Nc6 Nxc6 23. Qxe4 Bd8 24. Rxc6 d5 25. Qxe6+ {[%eval
-55,18]}) 18. Nd2 Nf7 (18... d6 19. Nef3 Qh5 $17) 19. Nxf7 Qxf7 20. Nb3 Nf6 21.
Nc5 Bc6 22. a4 Bxc5 23. dxc5 bxa4 24. Bxa6 Rxa6 $2 (24... Ne4 25. b5 Rxa6 26.
f3) 25. Qxa6 Ne4 26. b5 Bd5 27. Red1 (27. Qxa4 Ng5 28. Red1) 27... Ra8 28. Qb6
a3 29. Ba1 Qh5 30. Rxd5 exd5 $2 (30... Qf3 $11) 31. Qb7 Rd8 32. Qxd5+ Kh8 33.
Qd1 Qg5 34. Qe2 Qe7 35. c6 dxc6 36. bxc6 Ng5 37. c7 Rc8 38. Qa6 Qd7 39. h4 Ne6
40. Be5 h6 41. Qxa3 Qd2 42. Qa1 Qd5 43. Rd1 Qc6 44. Bxg7+ Kh7 45. Qf6 Rxc7 46.
Qxh6+ Kg8 47. Qh8+ Kf7 48. Be5 Rb7 49. Kh2 f4 50. gxf4 Rd7 51. Qh7+ Ke8 52.
Rxd7 1-0

[Event "Bayern ch 2008"]
[Site "Bad Neustadt /Saale"]
[Date "2008.09.06"]
[Round "9.4"]
[White "Deglmann, Ludwig"]
[Black "Schindler, Viktor"]
[Result "1-0"]
[WhiteElo "2336"]
[BlackElo "2111"]
[PlyCount "63"]
[EventDate "2008.??.??"]
[WhiteTeam "FC Bayern München e.V."]
[BlackTeam "PTSV SK Hof 1892"]

1. g3 Nf6 2. Bg2 g6 3. c4 d5 4. cxd5 Nxd5 5. Nc3 Nb6 6. d3 Bg7 7. Nf3 O-O 8. h4
Nd5 9. h5 Nxc3 10. bxc3 Bf5 11. Nd4 Nc6 12. Nxf5 gxf5 13. Rb1 Qd6 14. Qb3 Rab8
15. O-O Rfe8 16. Qb5 Bxc3 17. Qxf5 Nd4 18. Qg4+ Kh8 19. e3 Rg8 20. Qd1 Nf5 21.
d4 Nh4 22. gxh4 Qf6 23. f4 Rxg2+ 24. Kxg2 Rg8+ 25. Kf3 Qf5 26. Ba3 Qxh5+ 27.
Ke4 Qg6+ 28. f5 Qh6 {(D-Zug nicht leserlich)} 29. Bxe7 Rg3 30. Qb3 Qc6+ 31. Qd5
Rg4+ 32. Rf4 1-0

[Event "Bayern ch 2008"]
[Site "Bad Neustadt /Saale"]
[Date "2008.09.06"]
[Round "9.5"]
[White "Golda, Harald"]
[Black "Zehnter, Sebastian"]
[Result "1/2-1/2"]
[WhiteElo "2336"]
[BlackElo "2180"]
[PlyCount "29"]
[EventDate "2008.??.??"]
[WhiteTeam "Schachklub Schweinfurt 2000 e.V."]
[BlackTeam "SV Würzburg von 1865 e.V."]

1. c4 Nf6 2. Nf3 c5 3. Nc3 b6 4. g3 Bb7 5. Bg2 e6 6. O-O a6 7. b3 Be7 8. d4
cxd4 9. Qxd4 d6 10. Ba3 Nc6 11. Qd2 Qd7 12. Rfd1 Rd8 13. Qe3 Qc7 14. Rac1 Na7
15. h3 1/2-1/2

[Event "Bayern ch 2008"]
[Site "Bad Neustadt /Saale"]
[Date "2008.09.06"]
[Round "9.6"]
[White "Köpke, Christian"]
[Black "Safyanowsky, Mark"]
[Result "1/2-1/2"]
[WhiteElo "2330"]
[BlackElo "2284"]
[PlyCount "45"]
[EventDate "2008.??.??"]
[WhiteTeam "SC Tarrasch 45 München"]
[BlackTeam "SC Dillingen"]

1. e4 e6 2. d4 d5 3. Nc3 Bb4 4. e5 c5 5. a3 Bxc3+ 6. bxc3 Qa5 7. Bd2 Qa4 8. Qb1
c4 9. h4 Nc6 10. h5 h6 11. Nh3 Nge7 12. g3 Bd7 13. Nf4 O-O-O 14. Bh3 Kb8 15.
O-O Ka8 16. Kh2 Rdf8 17. Ng2 Bc8 18. Ne3 Qa5 19. Qd1 f6 20. exf6 gxf6 21. Qe2
Qd8 22. Rae1 e5 23. Bxc8 1/2-1/2

[Event "Bayern ch 2008"]
[Site "Bad Neustadt /Saale"]
[Date "2008.09.06"]
[Round "9.7"]
[White "Kirch, Daniel"]
[Black "Barth, Norbert"]
[Result "1/2-1/2"]
[WhiteElo "2042"]
[BlackElo "2284"]
[PlyCount "235"]
[EventDate "2008.??.??"]
[WhiteTeam "FSV Großenseebach"]
[BlackTeam "SK Schwandorf"]

1. d4 Nf6 2. c4 e6 3. Nc3 Bb4 4. e3 b6 5. Nf3 Bb7 6. Bd3 O-O 7. O-O c5 8. Qc2
Bxf3 9. gxf3 cxd4 10. exd4 Nc6 11. Be3 Rc8 12. Ne4 Be7 13. Nxf6+ Bxf6 14. Rad1
g6 15. Be2 d5 16. Qa4 Bg7 17. c5 bxc5 18. dxc5 Bxb2 19. Rb1 Bg7 20. Rfd1 Qc7
21. Bb5 d4 22. Bxc6 dxe3 23. Bd7 exf2+ 24. Kg2 Rb8 25. c6 Bc3 26. Qc4 Ba5 27.
Rxb8 Rxb8 28. Qh4 Rb2 29. Bxe6 Qe5 (29... f1=Q+ 30. Kxf1 Rxh2 $19) 30. Bxf7+
Kg7 $2 31. Bc4 h5 32. Bf1 Kh6 33. Rd7 Bc7 34. Qg3 Qxg3+ 35. hxg3 Bb6 36. Bd3
f1=Q+ 37. Kxf1 Rf2+ 38. Ke1 Rxf3 39. Be2 Rf6 40. c7 Rc6 41. g4 hxg4 42. Bxg4
Bxc7 43. Bd1 Kg5 44. Rd5+ ({steht nicht im Protokoll, ebenso kein sT-Zug auf
Reihe 5. Daher ist in der Hauptvar. das Zugpaar Td5+ und später Tc5 eingefügt.
orig.-Notation:} 44. Rd4 Bb6 45. Ra4 Kf6 46. Ke2 {und nun ist notiert: 46. ...
Tf5 47. Lc2 Tf2+ 48. Kd3 g5 49. Ld1 Th2   usw. bis Zug 118 (ca.)}) 44... Kf6
45. Rd4 Rc5 46. Ra4 Bb6 47. Kd2 Rf5 48. Bc2 Rf2+ 49. Kd3 g5 50. Bd1 Rh2 51. Bg4
Rg2 52. Bc8 Rg3+ 53. Ke2 Rc3 54. Bg4 Ke5 55. Bd7 Rc7 56. Bg4 Rc2+ 57. Kf3 Rc3+
58. Ke2 Bc5 59. Bd7 Re3+ 60. Kf1 Rd3 61. Bc8 Rd2 62. Rg4 Be3 63. Rg2 Rd6 64.
Ke2 Bf4 65. Kf3 Rd3+ 66. Kg4 Re3 67. Bb7 Re1 68. Bc6 Rc1 69. Bb7 Rc7 70. Re2+
Kd4 71. Bf3 Be3 72. Ba8 Kd3 73. Rg2 Rc4+ 74. Kf3 Rf4+ 75. Kg3 Ra4 76. Bd5 Ra3
77. Kg4 Ra4+ 78. Kg3 Rb4 79. Be6 Bf4+ 80. Kf3 Rb6 81. Bf5+ Kd4 82. Rc2 Rf6 83.
Bd7 Be3+ 84. Kg4 Rf4+ 85. Kg3 Kd3 86. Rg2 Rb4 87. Bf5+ Kd4 88. Be6 Kc3 89. Kf3
Bf4 90. Bd5 a6 91. Be6 Rb6 92. Bd5 Rh6 93. Bb3 a5 94. Rc2+ Kd3 95. Rg2 Rh3+ 96.
Kg4 Rh4+ 97. Kf3 Kd4 98. Bc2 Kc4 99. a4 Rh1 100. Bf5 Ra1 101. Bd7 Ra3+ 102. Kg4
Kb3 103. Rg1 Kc2 104. Rg2+ Kc3 105. Rg1 Kc2 106. Rg2+ Kb3 107. Rg1 Rxa4 108.
Bxa4+ Kxa4 109. Rb1 Ka3 110. Rb5 a4 111. Rb7 Ka2 112. Ra7 a3 113. Rb7 Bc1 114.
Rb6 Ka1 115. Rb7 Be3 116. Rb8 Bc1 117. Rb7 a2 118. Rb6 1/2-1/2